Central Library OPAC University of Rajshahi

The French novel / (Record no. 23962)

MARC details
000 -LEADER
fixed length control field 00701cam a2200241 a 4500
001 - CONTROL NUMBER
control field 23962
003 - CONTROL NUMBER IDENTIFIER
rucl marc code BD-RJUL
005 - DATE AND TIME OF LATEST TRANSACTION
control field 20211209001006.0
008 - FIXED-LENGTH DATA ELEMENTS--GENERAL INFORMATION
fixed length control field 140312s1928 enk 000 0 eng d
035 ## - SYSTEM CONTROL NUMBER
System control number (BD-RJUL)24027
040 ## - CATALOGING SOURCE
Original cataloging agency CLE
Transcribing agency CLE
Modifying agency EQO
Language of cataloging eng
041 ## - LANGUAGE CODE
Language code of text/sound track or separate title eng
082 ## - DEWEY DECIMAL CLASSIFICATION NUMBER
Classification number 843.09
Author mark and year ASF 1928
100 1# - MAIN ENTRY--PERSONAL NAME
Personal name Ashton, H.
Fuller form of name (Harry),
Dates associated with a name 1882-1952.
9 (RLIN) 73783
245 14 - TITLE STATEMENT
Title The French novel /
Statement of responsibility, etc. H. Ashton.
260 ## - PUBLICATION, DISTRIBUTION, ETC. (IMPRINT)
Place of publication, distribution, etc. London :
Name of publisher, distributor, etc. E. Benn. ltd,
Date of publication, distribution, etc. 1928
300 ## - PHYSICAL DESCRIPTION
Pagination 80 p. ;
Size 16 cm.
650 #0 - SUBJECT ADDED ENTRY--TOPICAL TERM
Topical term or geographic name as entry element French fiction
General subdivision History and criticism.
9 (RLIN) 63457
Topical term or geographic name as entry element French literature
General subdivision History and criticism.
9 (RLIN) 64261
830 #0 - SERIES ADDED ENTRY--UNIFORM TITLE
Volume number/sequential designation 28
Uniform title Benn's sixpenny library ;
942 ## - ADDED ENTRY ELEMENTS (KOHA)
Source of classification or shelving scheme Dewey Decimal Classification
Koha item type Books
Holdings
Lost status Source of classification or shelving scheme Damaged status Not for loan Collection code Permanent Location Current Location Shelving location Date acquired Source of acquisition Cost, normal purchase price Total Checkouts Full call number Date last seen Copy number Koha item type
  Dewey Decimal Classification   Added to bundle Fiction Central Library, University of Rajshahi Central Library, University of Rajshahi Reading Room 23/02/1957 pathia rayeslate 0.00   843.09 ASF 1928 12/03/2014 C-1 Books